<?xml version="1.0" encoding="UTF-8"?>
<record
    xmlns:xsi="http://www.w3.org/2001/XMLSchema-instance"
    xsi:schemaLocation="http://www.loc.gov/MARC21/slim http://www.loc.gov/standards/marcxml/schema/MARC21slim.xsd"
    xmlns="http://www.loc.gov/MARC21/slim">

  <leader>00586nam a22001697a 4500</leader>
  <controlfield tag="003">SGT</controlfield>
  <datafield tag="020" ind1=" " ind2=" ">
    <subfield code="a">9788131721216</subfield>
  </datafield>
  <datafield tag="082" ind1=" " ind2=" ">
    <subfield code="a">658.3,ROB</subfield>
  </datafield>
  <datafield tag="100" ind1=" " ind2=" ">
    <subfield code="a">ROBBINS,STEPHEN P.</subfield>
  </datafield>
  <datafield tag="245" ind1=" " ind2=" ">
    <subfield code="a">ORGANIZATIONAL BEHAVIOR </subfield>
  </datafield>
  <datafield tag="250" ind1=" " ind2=" ">
    <subfield code="a">13TH</subfield>
  </datafield>
  <datafield tag="260" ind1=" " ind2=" ">
    <subfield code="a">NEW DELHI </subfield>
    <subfield code="b">PEARSON</subfield>
    <subfield code="c">2009</subfield>
  </datafield>
  <datafield tag="300" ind1=" " ind2=" ">
    <subfield code="a">782</subfield>
  </datafield>
  <datafield tag="650" ind1=" " ind2=" ">
    <subfield code="a">MANAGEMENT </subfield>
  </datafield>
  <datafield tag="653" ind1=" " ind2=" ">
    <subfield code="a">WHAT IS ORGANIZATIONAL BEHAVIOR, FOUNDATIONS OF INDIVIDUAL BEHAVIOR, ATTITUDES AND JOB SATISFACTION, PERSONALITY AND VALUES PERCEPTION AND INDIVIDUAL DECISION MAKING, MOTIVATION CONCEPTS,MOTIVATION FROM CONCEPTS TO APPLICATIONS </subfield>
  </datafield>
  <datafield tag="942" ind1=" " ind2=" ">
    <subfield code="2">ddc</subfield>
    <subfield code="c">FCM</subfield>
    <subfield code="0">57</subfield>
  </datafield>
  <datafield tag="952" ind1=" " ind2=" ">
    <subfield code="0">0</subfield>
    <subfield code="1">0</subfield>
    <subfield code="2">ddc</subfield>
    <subfield code="4">0</subfield>
    <subfield code="7">0</subfield>
    <subfield code="8">CM</subfield>
    <subfield code="a">SSSL</subfield>
    <subfield code="b">SSSL</subfield>
    <subfield code="c">TXT</subfield>
    <subfield code="d">2016-06-15</subfield>
    <subfield code="e">GIFT BY DR. DILIP SINGH</subfield>
    <subfield code="i">SGTU</subfield>
    <subfield code="l">17</subfield>
    <subfield code="o">658.3,ROB</subfield>
    <subfield code="p">CM303</subfield>
    <subfield code="r">2024-12-09 00:00:00</subfield>
    <subfield code="s">2024-12-06</subfield>
    <subfield code="w">2016-06-15</subfield>
    <subfield code="y">FCM</subfield>
  </datafield>
  <datafield tag="952" ind1=" " ind2=" ">
    <subfield code="0">0</subfield>
    <subfield code="1">0</subfield>
    <subfield code="2">ddc</subfield>
    <subfield code="4">0</subfield>
    <subfield code="7">0</subfield>
    <subfield code="8">CM</subfield>
    <subfield code="a">SSSL</subfield>
    <subfield code="b">SSSL</subfield>
    <subfield code="c">TXT</subfield>
    <subfield code="d">2016-06-15</subfield>
    <subfield code="e">GIFT BY DR. DILIP SINGH</subfield>
    <subfield code="i">SGTU</subfield>
    <subfield code="l">32</subfield>
    <subfield code="o">658.3,ROB</subfield>
    <subfield code="p">CM304</subfield>
    <subfield code="r">2024-05-24 00:00:00</subfield>
    <subfield code="s">2024-05-13</subfield>
    <subfield code="w">2016-06-15</subfield>
    <subfield code="y">FCM</subfield>
  </datafield>
  <datafield tag="952" ind1=" " ind2=" ">
    <subfield code="0">0</subfield>
    <subfield code="1">0</subfield>
    <subfield code="2">ddc</subfield>
    <subfield code="4">0</subfield>
    <subfield code="7">0</subfield>
    <subfield code="8">CM</subfield>
    <subfield code="a">SSSL</subfield>
    <subfield code="b">SSSL</subfield>
    <subfield code="c">TXT</subfield>
    <subfield code="d">2016-07-12</subfield>
    <subfield code="e">GIFT BY DR. DILIP SINGH </subfield>
    <subfield code="i">SGTU</subfield>
    <subfield code="l">23</subfield>
    <subfield code="o">658.3,ROB</subfield>
    <subfield code="p">CM314</subfield>
    <subfield code="r">2025-01-02 00:00:00</subfield>
    <subfield code="s">2025-01-02</subfield>
    <subfield code="w">2016-07-12</subfield>
    <subfield code="y">FCM</subfield>
  </datafield>
  <datafield tag="952" ind1=" " ind2=" ">
    <subfield code="0">0</subfield>
    <subfield code="1">0</subfield>
    <subfield code="2">ddc</subfield>
    <subfield code="4">0</subfield>
    <subfield code="7">0</subfield>
    <subfield code="8">CM</subfield>
    <subfield code="a">SSSL</subfield>
    <subfield code="b">SSSL</subfield>
    <subfield code="c">TXT</subfield>
    <subfield code="d">2016-07-12</subfield>
    <subfield code="e">GIFT BY DR. DILIP SINGH</subfield>
    <subfield code="i">SGTU</subfield>
    <subfield code="l">29</subfield>
    <subfield code="o">658.3,ROB</subfield>
    <subfield code="p">CM301</subfield>
    <subfield code="r">2025-08-12 00:00:00</subfield>
    <subfield code="s">2025-06-27</subfield>
    <subfield code="w">2016-07-12</subfield>
    <subfield code="y">FCM</subfield>
  </datafield>
  <datafield tag="952" ind1=" " ind2=" ">
    <subfield code="0">0</subfield>
    <subfield code="1">0</subfield>
    <subfield code="2">ddc</subfield>
    <subfield code="4">0</subfield>
    <subfield code="7">0</subfield>
    <subfield code="8">CM</subfield>
    <subfield code="a">SSSL</subfield>
    <subfield code="b">SSSL</subfield>
    <subfield code="c">TXT</subfield>
    <subfield code="d">2016-07-12</subfield>
    <subfield code="e">KIRTI PRAKASHAN</subfield>
    <subfield code="g">825.00</subfield>
    <subfield code="i">SGTU</subfield>
    <subfield code="l">35</subfield>
    <subfield code="o">658.3,ROB</subfield>
    <subfield code="p">CM694</subfield>
    <subfield code="r">2025-02-07 00:00:00</subfield>
    <subfield code="s">2024-03-13</subfield>
    <subfield code="w">2015-03-16</subfield>
    <subfield code="y">FCM</subfield>
    <subfield code="k">2365</subfield>
  </datafield>
  <datafield tag="952" ind1=" " ind2=" ">
    <subfield code="0">0</subfield>
    <subfield code="1">0</subfield>
    <subfield code="2">ddc</subfield>
    <subfield code="4">0</subfield>
    <subfield code="7">0</subfield>
    <subfield code="8">CM</subfield>
    <subfield code="a">SSSL</subfield>
    <subfield code="b">SSSL</subfield>
    <subfield code="c">TXT</subfield>
    <subfield code="d">2016-07-12</subfield>
    <subfield code="e">KIRTI PRAKASHAN</subfield>
    <subfield code="g">825.00</subfield>
    <subfield code="i">SGTU</subfield>
    <subfield code="l">30</subfield>
    <subfield code="m">1</subfield>
    <subfield code="o">658.3,ROB</subfield>
    <subfield code="p">CM695</subfield>
    <subfield code="r">2025-09-22 00:00:00</subfield>
    <subfield code="s">2025-09-09</subfield>
    <subfield code="w">2015-03-16</subfield>
    <subfield code="y">FCM</subfield>
    <subfield code="k">2365</subfield>
  </datafield>
  <datafield tag="999" ind1=" " ind2=" ">
    <subfield code="c">9046</subfield>
    <subfield code="d">9046</subfield>
  </datafield>
</record>
